00417nam a22001337a 450000500170000000800410001701000150005802000180007310000180009124501100010925000090021926000440022830000110027220260108092415.0260108b |||||||| |||| 00| 0 eng d a2021950368 a9781350271944 a Toyin Falola aAfrican spirituality, politics and knowledge systems :bsacred words and holy realms/cBy: Falola, Toyin. a: 1. a New York:bBloomsbury Academic,c2022. c23.5cm